Potencial de bacterias asociadas a plutella xylostella (L.) (lepidoptera : Plutellidae) como agentes de control biológico / (Record no. 220130)
[ view plain ]
| 000 -CABECERA | |
|---|---|
| campo de control de longitud fija | 02722nam a2200325 a 4500 |
| 003 - IDENTIFICADOR DEL NÚMERO DE CONTROL | |
| campo de control | OSt |
| 005 - FECHA Y HORA DE LA ÚLTIMA TRANSACCIÓN | |
| campo de control | 20240902130607.0 |
| 007 - CAMPO FIJO DE DESCRIPCIÓN FÍSICA--INFORMACIÓN GENERAL | |
| campo de control de longitud fija | cr ||||||a|c|a |
| 008 - DATOS DE LONGITUD FIJA--INFORMACIÓN GENERAL | |
| campo de control de longitud fija | 240902s2024 mx a|||fom||| 001 0 spa d |
| 040 ## - FUENTE DE LA CATALOGACIÓN | |
| Normas de descripción | rda |
| 100 1# - ENTRADA PRINCIPAL--NOMBRE DE PERSONA | |
| Nombre de persona | Sánchez Rosas, Lizette Anali |
| 9 (RLIN) | 189512 |
| 245 10 - MENCIÓN DE TÍTULO | |
| Título | Potencial de bacterias asociadas a plutella xylostella (L.) (lepidoptera : Plutellidae) como agentes de control biológico / |
| Mención de responsabilidad, etc. | por Lizette Anali Sánchez Rosas; director de tesis José Manuel Rivas Rios; secretario Susana Martínez Martínez; vocal Raquel Alatorre Rosas; suplente Oscar Morales Galván; suplente Candelario Santillán Ortega. |
| 264 #1 - PRODUCCIÓN, PUBLICACIÓN, DISTRIBUCIÓN, FABRICACIÓN Y COPYRIGHT | |
| Producción, publicación, distribución, fabricación y copyright | Chapingo, México : |
| Nombre del de productor, editor, distribuidor, fabricante | El autor, |
| Fecha de producción, publicación, distribución, fabricación o copyright | 2024. |
| 300 ## - DESCRIPCIÓN FÍSICA | |
| Extensión | 1 recurso en línea (55 páginas): |
| Otras características físicas | figuras, cuadros. |
| 336 ## - TIPO DE CONTENIDO | |
| Fuente | rdacontent |
| Término de tipo de contenido | texto |
| Código de tipo de contenido | txt |
| 337 ## - TIPO DE MEDIO | |
| Fuente | rdamedia |
| Nombre/término del tipo de medio | computadora |
| Código del tipo de medio | c |
| 338 ## - TIPO DE SOPORTE | |
| Fuente | rdacarrier |
| Nombre/término del tipo de soporte | recurso en línea |
| Código del tipo de soporte | cr |
| 502 ## - NOTA DE TESIS | |
| Tipo de título | Ingeniero Agrónomo Especialista en Parasitología Agrícola |
| Nombre de la institución que otorga el título | Departamento de Enseñanza, Investigación y Servicio en Parasitología Agrícola, |
| Año de obtención del título | 2024. |
| Información miscelánea | Licenciatura |
| 504 ## - NOTA DE BIBLIOGRAFÍA, ETC. | |
| Nota de bibliografía, etc. | Incluye referencias bibliográficas: páginas 42-48. |
| 520 ## - SUMARIO, ETC. | |
| Sumario, etc. | Plutella xylostella (L.) o también conocida como palomilla dorso de diamante, es considerada una de las plagas más destructivas de las crucíferas en el mundo. Varios factores han contribuido en el establecimiento exitoso de este insecto, como el ciclo biológico corto, su alta fecundidad y la resistencia que ha adquirido a la mayoría de los insecticidas. En la búsqueda de alternativas que permitan el manejo de cultivos sostenibles, se promueve el Manejo Integrado de Plagas (MIP) como la mejor opción; destacando los insecticidas microbianos como una excelente alternativa contra P. xylostella. Se estudiaron las bacterias cultivables presentes en larvas enfermas. La caracterización de los aislamientos determinó la existencia de seis morfotipos y mediante el análisis filogenético16s rRNA se agruparon en dos géneros Serratia sp. (Px1, Px3, Px4 y Px6), y Enterococcus sp. (Px2 y Px5). Al evaluar el efecto de las seis cepas bacterianas en forma independiente y como consorcio sobre larvas de 2do instar, la mejor cepa fue Px6 que correspondió a Serratia sp. y presentó el mayor porcentaje de mortalidad (80%). |
| 650 #4 - PUNTO DE ACCESO ADICIONAL DE MATERIA--TÉRMINO DE MATERIA | |
| Término de materia o nombre geográfico como elemento de entrada | Plutella xylostella |
| Subdivisión general | Control |
| 9 (RLIN) | 188485 |
| 650 #4 - PUNTO DE ACCESO ADICIONAL DE MATERIA--TÉRMINO DE MATERIA | |
| Término de materia o nombre geográfico como elemento de entrada | Bacterias efecto en Plutella xylostella |
| 9 (RLIN) | 189513 |
| 700 1# - PUNTO DE ACCESO ADICIONAL--NOMBRE DE PERSONA | |
| Nombre de persona | Pineda Rios, José Manuel |
| 9 (RLIN) | 88174 |
| Término indicativo de función/relación | Director de tesis. |
| 700 1# - PUNTO DE ACCESO ADICIONAL--NOMBRE DE PERSONA | |
| Nombre de persona | Martínez Martínez, Susana |
| 9 (RLIN) | 189523 |
| Término indicativo de función/relación | Secretario. |
| 700 1# - PUNTO DE ACCESO ADICIONAL--NOMBRE DE PERSONA | |
| Nombre de persona | Alatorre Rosas, Raquel |
| 9 (RLIN) | 3395 |
| Término indicativo de función/relación | Vocal. |
| 700 1# - PUNTO DE ACCESO ADICIONAL--NOMBRE DE PERSONA | |
| Nombre de persona | Morales Galván, Oscar |
| 9 (RLIN) | 78271 |
| Término indicativo de función/relación | Suplente. |
| 700 1# - PUNTO DE ACCESO ADICIONAL--NOMBRE DE PERSONA | |
| Nombre de persona | Santillán Ortega, Candelario |
| 9 (RLIN) | 102429 |
| Término indicativo de función/relación | Suplente. |
| 856 ## - LOCALIZACIÓN Y ACCESO ELECTRÓNICOS | |
| Identificador Uniforme del Recurso | http://10.13.5.2/tesis/tl/1512362-6_SANCHEZ_ROSAS_LIZETTEANALI.pdf |
| Nota pública | DESCARGAR PDF |
| 942 ## - ELEMENTOS DE PUNTO DE ACCESO ADICIONAL (KOHA) | |
| Fuente del sistema de clasificación o colocación | Clasificación Universidad Autónoma Chapingo |
| Tipo de ítem Koha | Tesis digital |
| Estado de retiro | Estado de pérdida | Fuente del sistema de clasificación o colocación | Estado dañado | Restricciones de uso | No para préstamo | Código de colección | Localización permanente | Ubicación/localización actual | Ubicación en estantería | Fecha de adquisición | Total de préstamos | Signatura topográfica completa | Fecha visto por última vez | Precio válido a partir de | Tipo de ítem Koha |
|---|---|---|---|---|---|---|---|---|---|---|---|---|---|---|---|
| Clasificación Universidad Autónoma de Chapingo | Préstamo interno | Tesis digitales de Licenciatura | Biblioteca Digital | Biblioteca Digital | En línea | 02/09/2024 | Tesis digital | 02/09/2024 | 02/09/2024 | Tesis digital |
